A psychological warfare casebook / (Record no. 185263)

000 -LEADER
fixed length control field 01151 a2200217 4500
003 - CONTROL NUMBER IDENTIFIER
control field Nust
005 - DATE AND TIME OF LATEST TRANSACTION
control field 20170207153408.0
010 ## - LIBRARY OF CONGRESS CONTROL NUMBER
LC control number 78019297
020 ## - INTERNATIONAL STANDARD BOOK NUMBER
International Standard Book Number 0405105975 :
040 ## - CATALOGING SOURCE
Transcribing agency Nust
082 00 - DEWEY DECIMAL CLASSIFICATION NUMBER
Classification number 355.02
100 1# - MAIN ENTRY--PERSONAL NAME
Personal name Daugherty, William E.,
245 12 - TITLE STATEMENT
Title A psychological warfare casebook /
Statement of responsibility, etc. [compiled by] William E. Daugherty.
260 ## - PUBLICATION, DISTRIBUTION, ETC.
Place of publication, distribution, etc. New York :
Name of publisher, distributor, etc. Arno Press,
Date of publication, distribution, etc. 1979, c1958.
300 ## - PHYSICAL DESCRIPTION
Extent xxiii, 880 p. :
Other physical details ill. ;
Dimensions 24 cm.
490 0# - SERIES STATEMENT
Series statement Johns Hopkins University Press reprints
505 ## - FORMATTED CONTENTS NOTE
Formatted contents note Introduction (Page-1) Psychological Warfare Doctrine (Page-11) Psychological War Fare in American History (Page-59) Organization and Personnel (Page-119) Policy Goals and Planning in Psychological War fare (Page-259) Operational Objective in Psychological Warfare (Page-319) Role of Intelligence, Research and Analysis Psychological Warfare (Page-425) Media , Methods ,and Techniques in Psychological Warfare (Page-551) Evaluation of Effectiveness (Page-681) Soviet Psychological Warfare (Page-779)
538 ## - SYSTEM DETAILS NOTE
System details note Almirah No.52, Shelf No.6
650 #0 - SUBJECT ADDED ENTRY--TOPICAL TERM
Topical term or geographic name entry element Psychological warfare.
710 2# - ADDED ENTRY--CORPORATE NAME
Corporate name or jurisdiction name as entry element Johns Hopkins University.
Subordinate unit Operations Research Office.
942 ## - ADDED ENTRY ELEMENTS (KOHA)
Source of classification or shelving scheme
Koha item type Book
Holdings
Withdrawn status Lost status Source of classification or shelving scheme Damaged status Not for loan Collection code Permanent Location Current Location Date acquired Total Checkouts Full call number Barcode Date last seen Price effective from Koha item type
            Military College of Signals (MCS) Military College of Signals (MCS) 12/12/2016   355.02 DAU MCS21899 12/08/2016 12/12/2016 Book
            Military College of Signals (MCS) Military College of Signals (MCS) 12/12/2016   355.02 DAU MCS21900 12/08/2016 12/12/2016 Book
© 2023 Central Library, National University of Sciences and Technology. All Rights Reserved.